| 000 | 00783nam a2200205Ia 4500 | ||
|---|---|---|---|
| 003 | GCL | ||
| 008 | 140319s9999 xx 000 0 ara d | ||
| 020 | _a3071133977 | ||
| 040 |
_aGCL / _cGCL |
||
| 082 | 0 | 4 |
_aق _b962.054 _bس د |
| 100 | 1 | _aسامى ابوالنور | |
| 245 | 1 | 0 |
_aدور القصر فى الحياة السياسية فى مصر(1937-1952) / _cسامى ابوالنور |
| 260 |
_aالقاهرة : _bمكتبة مدبولى ، _c1988 |
||
| 300 |
_a535 ص ؛ _c24 سم |
||
| 650 | 0 | 4 | _aحريق القاهرة 26 يناير 1952 |
| 650 | 0 | 4 | _aمصر - الاحوال السياسية |
| 650 | 0 | 4 | _aمصر - تاريخ - العصر الحديث - الملك فاروق ( 1936-1952 م ) |
| 650 | 0 | 4 | _aالاخوان المسلمون - مصر |
| 942 |
_2ddc _cBK |
||
| 999 |
_c42252 _d42252 |
||